Statistics for NFL Head Coaches of Super Bowl Era

Click here to take the quiz!

General Stats

  • This quiz has been taken 308 times
    (142 since last reset)
  • The average score is 105 of 310

Answer Stats

Answer% Correct
Jim Harbaugh
95%
John Harbaugh
95%
Ron Rivera
93%
Andy Reid
92%
Bill Belichick
91%
Kyle Shanahan
91%
Mike Shanahan
91%
Sean Payton
91%
Arthur Smith
90%
Lovie Smith
90%
Mike Smith
90%
Pete Carroll
90%
Jerry Smith
89%
Mike McCarthy
89%
Rex Ryan
88%
Buddy Ryan
87%
Jimmy Johnson
87%
Bill Johnson
86%
Harvey Johnson
86%
Doug Pederson
85%
Mike McDaniel
85%
Mike Tomlin
85%
Dan Campbell
84%
Frank Reich
84%
Bruce Arians
82%
Hugh Campbell
82%
Marion Campbell
82%
Sean McVay
82%
Vince Lombardi
82%
Jay Gruden
80%
John McVay
80%
Jon Gruden
80%
Mike Vrabel
80%
Jeff Fisher
78%
Tom Landry
76%
Tony Dungy
76%
Jason Garrett
75%
Mike Ditka
75%
Don Shula
74%
Hue Jackson
74%
Josh McDaniels
74%
Bill Cowher
73%
Bill Parcells
73%
Brian Flores
73%
John Fox
73%
Matt LaFleur
73%
Sean McDermott
73%
Tom Coughlin
73%
Zac Taylor
73%
Bill O Brien
72%
Dave Shula
72%
Tom Flores
72%
Bill Walsh
71%
Dan Quinn
71%
Robert Saleh
71%
Brian Daboll
70%
Paul Brown
70%
Chuck Noll
68%
Dennis Allen
67%
Marvin Lewis
67%
Nick Sirianni
67%
Brandon Staley
66%
George Allen
65%
Kliff Kingsbury
65%
Mike Holmgren
65%
Todd Bowles
65%
Dennis Green
64%
Kevin Stefanski
64%
Gary Kubiak
62%
John Madden
61%
Marty Schottenheimer
61%
Urban Meyer
61%
Brian Billick
60%
Joe Gibbs
60%
Ken Meyer
60%
Kevin O Connell
60%
Matt Eberflus
60%
Matt Nagy
60%
Ron Meyer
60%
Chip Kelly
59%
Dick Vermeil
59%
Marv Levy
58%
Matt Patricia
58%
Matt Rhule
58%
Barry Switzer
55%
DeMeco Ryans
55%
Jonathan Gannon
55%
Dan Reeves
54%
June Jones
54%
Wade Philips
54%
Bum Philips
53%
Jack Del Rio
53%
Adam Gase
52%
Jim Caldwell
52%
Mike Zimmer
52%
Gregg Williams
51%
Greg Williams
51%
Jerry Williams
51%
Joe Judge
51%
Freddie Kitchens
50%
George Seifert
50%
Norv Turner
50%
Jim E Mora
49%
Jim L Mora
49%
Ken Whisenhunt
48%
Shane Steichen
48%
Chuck Pagano
47%
Lou Saban
47%
Nick Saban
47%
Anthony Lynn
46%
Nathaniel Hackett
46%
Bud Grant
45%
George Halas
45%
Mike Singletary
45%
Romeo Crennel
45%
Hank Stram
43%
Herm Edwards
43%
Steve Wilks
43%
Ben McAdoo
42%
Jim Schwartz
42%
Butch Davis
41%
Don Coryell
40%
Doug Marrone
40%
Raheem Morris
39%
Vance Joseph
39%
Vic Fangio
37%
Pat Shurmur
36%
Red Miller
36%
Steve Mariucci
35%
Weeb Ewbank
35%
Bobby Petrino
34%
Lane Kiffin
34%
Mike Martz
34%
Steve Spurrier
34%
Art Shell
33%
Leslie Frazier
33%
Mike White
33%
Eric Mangini
32%
Jim Zorn
32%
Mike McCoy
32%
Sam Wyche
32%
Todd Haley
32%
Tony Sparano
32%
Allie Sherman
30%
Mike Mularkey
30%
Mike Sherman
30%
Tom Cable
30%
Jim Fassel
29%
Jim Tomsula
29%
John Fassel
29%
Marc Trestman
29%
Dick Jauron
28%
Dom Capers
28%
Mike Munchak
28%
Raymond Berry
28%
Wayne Fontes
28%
Brad Childress
27%
Chuck Knox
27%
Greg Schiano
27%
Bill Peterson
26%
Joe Philbin
26%
John McKay
26%
Dirk Koetter
25%
Forrest Gregg
25%
Jerry Glanville
25%
John Robinson
25%
Mike Pettine
25%
Mike Tice
25%
Ted Marchibroda
25%
Bill Calahan
24%
Dave Wannstedt
24%
David Culley
24%
Dennis Erickson
24%
Ray Rhodes
24%
Chan Gailey
23%
Emmitt Thomas
23%
George Wilson
23%
Gus Bradley
23%
Joe Thomas
23%
Larry Wilson
23%
Rich Kotite
23%
Rod Marinelli
23%
Bobby Ross
22%
Norm Van Brocklin
22%
Rich Bisaccia
22%
Dick LeBeau
21%
Jim Haslett
20%
Bart Starr
18%
Dave Campo
18%
Dick Nolan
18%
Mike Nolan
18%
Rob Chudzinski
18%
Lou Holtz
16%
Don McCafferty
15%
Al Groh
13%
Cam Cameron
12%
John Rauch
12%
Mike Riley
12%
Monte Clark
12%
Otto Graham
12%
Sid Gillman
12%
Jack Pardee
11%
J D Roberts
11%
Lindy Infante
11%
Walt Michaels
11%
Bud Carson
10%
Hal Hunter
10%
Joe Vitt
10%
Mel Tucker
10%
Scott Linehan
10%
Chris Palmer
9%
Gunther Cunningham
9%
Neill Armstrong
9%
Perry Fewell
9%
Chuck Fairbanks
8%
Darrell Bevell
8%
Joe Walton
8%
Ray Malavasi
8%
Rich Brooks
8%
Rod Rust
8%
Sam Rutigliano
8%
Bruce Colset
7%
Jerry Burns
7%
Ray Perkins
7%
Terry Robiskie
7%
Bill Austin
5%
Darryl Rodgers
5%
Gene Stallings
5%
Aaron Kromer
4%
Ed Hughes
4%
Homer Rice
4%
Jerry Rosburg
4%
Joe Schmidt
4%
Leeman Bennett
4%
Ray Handley
4%
Vince Tobin
4%
Bill Arnsparger
3%
Blanton Collier
3%
Dick MacPherson
3%
Eric Studesville
3%
Hank Bullough
3%
Joe Bugel
3%
Joe Collier
3%
Kevin Gilbride
3%
Les Steckel
3%
Mike Holovak
3%
Richard Williamson
3%
Ron Erhardt
3%
Abe Gibron
2%
Alex Webster
2%
Al Saunders
2%
Charlie Waller
2%
Dave McGinnis
2%
Frank Gansz
2%
Fred Bruney
2%
Jack Patera
2%
Jim Hanifan
2%
Joe Kuharich
2%
Kay Stephenson
2%
Phil Bengtson
2%
Richie Petitbon
2%
Ron Waller
2%
Bud Wilkinson
1%
Charley Winner
1%
Dan Devine
1%
Dan Henning
1%
Gary Moeller
1%
Harland Svare
1%
Howard Schnellenberger
1%
Jim Bates
1%
Jim Ringo
1%
John Mackovic
1%
John Ralston
1%
Ken Shipp
1%
Mike McCormack
1%
Norb Hecker
1%
Paul Wiggin
1%
Rick Venturi
1%
Robert Prince
1%
Tom Fears
1%
Wally Lemm
1%
Bob Hollway
0%
Chuck Studley
0%
Clive Rush
0%
Dick Modzelewiski
0%
Dick Stanfel
0%
Ed Biles
0%
Ed Khayat
0%
Ernie Hefferle
0%
Frank Kush
0%
Fred O Connor
0%
Hank Kuhlmann
0%
Harry Gilmer
0%
Jack Christiansen
0%
Jim Dooley
0%
Jim Shofner
0%
John Mazur
0%
John North
0%
John Sandusky
0%
Marty Mornhinwig
0%
Nick Skorich
0%
Pat Peppler
0%
Pete McCulley
0%
Rick Forzano
0%
Rod Dowhower
0%
Steve Spaguolo
0%
Tom Bettis
0%
Tommy Hudspeth
0%
Tommy Pothro
0%

Score Distribution

Percentile by Number Answered

Percent of People with Each Score

Your Score History

You have not taken this quiz since the last reset